000 00301nam a2200145Ia 4500
100 _aTaylor/ A.H.
942 _cBK
654 _aCosting
245 _aCosting : A Management approach
260 _bPan Books
_c1974
082 _a657.42
_bTAY
300 _a192
546 _aENGLISH
999 _c18151
_d18151